Movies Quiz

Random Movies or Box Office Quiz

Box Office Top 50 (2000s) Quiz Stats

 Plays Quiz Updated Oct 27, 2016

Challenge
Share
Tweet
Embed
Score 0/50 Timer 10:00
3 Plays Today
Notable Person (Year) Film % Correct
1. James Cameron (2009)Avatar
93.7%
29. Shia LaBeouf (2007)Transformers
84.4%
19. Kirsten Dunst (2002)Spider-Man
83.5%
4. Christian Bale (2008)The Dark Knight
82.8%
5. Daniel Radcliffe (2001)Harry Potter and the Philosopher's/Sorcerer's Stone
77.6%
2. Peter Jackson (2003)The Lord of the Rings: The Return of the King
76.4%
9. Sir Ian McKellen (2002)The Lord of the Rings: The Two Towers
74.8%
23. James Franco (2004)Spider-Man 2
74.7%
14. Daniel Radcliffe (2002)Harry Potter and the Chamber of Secrets
74.6%
21. Daniel Radcliffe (2004)Harry Potter and the Prisoner of Azkaban
73.8%
11. Emma Watson (2005)Harry Potter and the Goblet of Fire
73.6%
18. Megan Fox (2009)Transformers: Revenge of the Fallen
72.4%
12. Tobey Maguire (2007)Spider-Man 3
72.3%
8. Daniel Radcliffe (2009)Harry Potter and the Half-Blood Prince
71.5%
3. Johnny Depp (2006)Pirates of the Caribbean: Dead Man's Chest
70.6%
15. Elijah Wood (2001)The Lord of the Rings: The Fellowship of the Ring
67.5%
7. Ralph Fiennes (2007)Harry Potter and the Order of the Phoenix
66.4%
10. Mike Myers (2004)*Shrek 2
64.9%
6. Orlando Bloom (2007)Pirates of the Caribbean: At World's End
64.2%
45. Robert Downey Jr. (2008)Iron Man
62.3%
27. Keanu Reeves (2003)The Matrix Reloaded
61.3%
32. Johnny Depp (2003)Pirates of the Caribbean: The Curse of the Black Pearl
60.1%
20. Eddie Murphy (2007)*Shrek the Third
59.9%
16. Ellen DeGeneres (2003)*Finding Nemo
59.8%
41. Daniel Craig (2006)Casino Royale
57.7%
Notable Person (Year) Film % Correct
30. Kristen Stewart (2009)The Twilight Saga: New Moon
53.2%
44. Will Smith (2007)I Am Legend
52.1%
17. Hayden Christensen (2005)Star Wars: Episode III - Revenge of the Sith
49.4%
48. Tom Cruise (2000)Mission: Impossible II
47.3%
31. John Leguizamo (2006)*Ice Age: The Meltdown
45.9%
22. Harrison Ford (2008)Indiana Jones and the Kingdom of the Crystal Skull
45.4%
34. Jack Black (2008)*Kung Fu Panda
45.3%
13. Ray Romano (2009)*Ice Age: Dawn of the Dinosaurs
44.5%
36. Will Smith (2008)Hancock
44.2%
43. Daniel Craig (2008)Quantum of Solace
44.2%
33. Ewan McGregor (2002)Star Wars: Episode II - Attack of the Clones
43.3%
50. Chris Rock (2005)*Madagascar
41.9%
28. Ed Asner (2009)*Up
40.9%
38. Mel Gibson (2004)The Passion of the Christ
39.9%
47. Naomi Watts (2005)King Kong
32.6%
46. Ben Stiller (2006)Night at the Museum
32.5%
40. Ben Stiller (2008)*Madagascar: Escape 2 Africa
31.9%
39. Meryl Streep (2008)Mamma Mia!
28.6%
24. John Cusack (2009)2012
26.4%
35. Craig T. Nelson (2004)*The Incredibles
26.4%
25. Tom Hanks (2006)The Da Vinci Code
25.7%
26. Tilda Swinton (2005)The Chronicles of Narnia: The Lion, the Witch and the Wardrobe
23.3%
42. Tom Cruise (2005)War of the Worlds
22.4%
37. Patton Oswalt (2007)*Ratatouille
21.7%
49. Dennis Quaid (2004)The Day After Tomorrow
15.1%

You're not logged in!

Compare scores with friends on all Sporcle quizzes.
OR
Log In

You Might Also Like...

Show Comments

Extras

Top Quizzes Today


Score Distribution

Your Account Isn't Verified!

In order to create a playlist on Sporcle, you need to verify the email address you used during registration. Go to your Sporcle Settings to finish the process.

Report this User

Report this user for behavior that violates our Community Guidelines.

Details: